| 000 | 00475nam a2200169Ia 4500 | ||
|---|---|---|---|
| 999 |
_c28796 _d28796 |
||
| 003 | OSt | ||
| 005 | 20201207145756.0 | ||
| 008 | 190216s9999||||xx |||||||||||||| ||und|| | ||
| 040 | _coclc | ||
| 082 |
_a894.8124 _bAJA/M |
||
| 100 |
_aAjayan,T R _96901 |
||
| 245 | 0 |
_aMundur Krishnankutty Orormma / _cT R Ajayan |
|
| 260 |
_bPen Books, _aPalakkad: _c2006. |
||
| 300 | _a200p | ||
| 650 | _aLekhanam | ||
| 942 |
_cBK _2ddc _h894.8124 _iAJA/M _k894.8124 _mAJA/M |
||